[Event "Wroclaw Anderssen Memorial"]
[Site "Wroclaw"]
[Date "2022.07.30"]
[Round "6"]
[White "Lachowicz, Tomasz"]
[Black "Ptak, Pawel"]
[Result "1-0"]
[WhiteElo "1781"]
[BlackElo "1351"]
[PlyCount "55"]
[EventDate "2022.07.30"]
[EventType "swiss (rapid)"]
[EventRounds "9"]
[EventCountry "POL"]
[SourceTitle "CBM 209 Extra"]
[Source "ChessBase"]
[SourceDate "2022.09.30"]
[SourceVersion "1"]
[SourceVersionDate "2022.09.30"]
[SourceQuality "1"]

1. d4 d5 2. c4 c6 3. Nc3 Nf6 4. cxd5 cxd5 5. Nf3 e6 6. Bg5 h6 7. Bh4 Be7 8. e3 0-0 9. Bd3 Nc6 10. 0-0 Nb4 11. Bb1 Bd7 12. a3 Nc6 13. b4 Rc8 14. Qd3 g6 15. Bg3 Nh5 16. Be5 Nxe5 17. Nxe5 Be8 18. f4 f5 19. g4 Nf6 20. gxf5 gxf5 21. Ra2 Kh7 22. Rg2 Rg8 23. Rxg8 Nxg8 24. Kh1 Bf6 25. Rg1 Rc7 26. Nf3 Rg7 27. Rxg7+ Bxg7 28. Qd1 1-0